[Event "NB II. Toth Laszlo csoport"]
[Site "Bekes"]
[Date "2024.02.18"]
[Round "4.2"]
[White "Varga, Tamas"]
[Black "Retkes, Peter"]
[Result "1-0"]
[WhiteElo "2156"]
[BlackElo "2112"]
[PlyCount "51"]
[EventDate "2023.10.08"]
[EventType "team-tourn"]
[EventRounds "9"]
[EventCountry "HUN"]
[Source "chess.hu"]
[WhiteTeam "Bekesi TE"]
[BlackTeam "Meritum Egyesulet"]
[WhiteTeamCountry "HUN"]
[BlackTeamCountry "HUN"]

1. e4 e6 2. Ne2 b6 3. g3 Bb7 4. Bg2 d5 5. exd5 Bxd5 6. Nf4 Bxg2 7. Nxg2 Qd5 8.
O-O Nf6 9. Ne3 Qb7 10. d4 Nbd7 11. c4 O-O-O 12. Nc3 h5 13. a3 h4 14. b4 Ne5 15.
d5 hxg3 16. fxg3 Rh3 17. Qd4 Ng6 18. Ne4 c5 19. bxc5 bxc5 20. Qd3 Ne5 21. Qc2
Nfg4 22. Nxg4 Nxg4 23. Rb1 Qc7 24. Qa4 Rd7 25. dxe6 Re7 26. Qa6+ 1-0

[Event "NB II. Toth Laszlo csoport"]
[Site "Bekes"]
[Date "2024.02.18"]
[Round "4.3"]
[White "Varga, Gabor"]
[Black "Szasz, Janos"]
[Result "1-0"]
[WhiteElo "1915"]
[BlackElo "2064"]
[PlyCount "73"]
[EventDate "2023.10.08"]
[EventType "team-tourn"]
[EventRounds "9"]
[EventCountry "HUN"]
[Source "chess.hu"]
[WhiteTeam "Meritum Egyesulet"]
[BlackTeam "Bekesi TE"]
[WhiteTeamCountry "HUN"]
[BlackTeamCountry "HUN"]

1. e4 c5 2. Nc3 e6 3. Nf3 d6 4. g3 Nf6 5. Bg2 a6 6. O-O Be7 7. d3 O-O 8. h3 Nc6
9. Nh2 Qc7 10. f4 b5 11. g4 b4 12. Ne2 Bb7 13. g5 Nd7 14. Ng3 f5 15. exf5 exf5
16. Bd5+ Kh8 17. Qh5 Nb6 18. g6 h6 19. Bf7 Nd4 20. Be3 Bf6 21. c3 Qc6 22. Rf2
bxc3 23. bxc3 Nb5 24. Nf3 Bc8 25. Nxf5 Bxf5 26. Qxf5 Nxc3 27. Re1 Nb5 28. Qh5
Nd4 29. Nh2 Qd7 30. f5 Rxf7 31. gxf7 Rf8 32. Bxh6 Rxf7 33. Bg5+ Kg8 34. Bxf6
Rxf6 35. Re8+ Rf8 36. Rxf8+ Kxf8 37. f6 1-0

[Event "NB II. Toth Laszlo csoport"]
[Site "Bekes"]
[Date "2024.02.18"]
[Round "4.4"]
[White "Nagy, Robert"]
[Black "Havasi, Gergely Bulcsu"]
[Result "1/2-1/2"]
[WhiteElo "1962"]
[BlackElo "1829"]
[PlyCount "28"]
[EventDate "2023.10.08"]
[EventType "team-tourn"]
[EventRounds "9"]
[EventCountry "HUN"]
[Source "chess.hu"]
[WhiteTeam "Bekesi TE"]
[BlackTeam "Meritum Egyesulet"]
[WhiteTeamCountry "HUN"]
[BlackTeamCountry "HUN"]

1. d4 e6 2. c4 d5 3. Nc3 Nf6 4. Nf3 c5 5. e3 Nc6 6. Be2 Be7 7. O-O O-O 8. b3
Ne4 9. Bb2 Nxc3 10. Bxc3 Bf6 11. Rc1 cxd4 12. Nxd4 Qe7 13. Nxc6 bxc6 14. Qc2
Bxc3 1/2-1/2

[Event "NB II. Toth Laszlo csoport"]
[Site "Bekes"]
[Date "2024.02.18"]
[Round "4.5"]
[White "Vadkerti, Vince"]
[Black "Visnyei, Illes"]
[Result "1/2-1/2"]
[WhiteElo "1788"]
[BlackElo "2020"]
[PlyCount "114"]
[EventDate "2023.10.08"]
[EventType "team-tourn"]
[EventRounds "9"]
[EventCountry "HUN"]
[Source "chess.hu"]
[WhiteTeam "Meritum Egyesulet"]
[BlackTeam "Bekesi TE"]
[WhiteTeamCountry "HUN"]
[BlackTeamCountry "HUN"]

1. e4 e6 2. d4 d5 3. Nd2 c6 4. Ngf3 Bb4 5. c3 Ba5 6. Bd3 Ne7 7. e5 O-O 8. Bxh7+
Kh8 9. Bd3 Nf5 10. Nb3 Bb6 11. Ng5 g6 12. Nh3 Qh4 13. Bg5 Qh7 14. Bf6+ Kg8 15.
Ng5 Qh6 16. Nf3 Bd8 17. Bxd8 Rxd8 18. Qe2 b6 19. Nbd2 c5 20. O-O-O Nc6 21. g4
Nh4 22. Kb1 Nxf3 23. Nxf3 Kg7 24. h4 Qf4 25. g5 cxd4 26. cxd4 Nb4 27. h5 Nxd3
28. Qxd3 Bd7 29. Rh4 Qf5 30. Qxf5 exf5 31. hxg6 fxg6 32. Rdh1 Rh8 33. Rxh8 Rxh8
34. Rxh8 Kxh8 35. Nh4 Kg7 36. f4 Kf7 37. Kc2 Be8 38. Kc3 Ke6 39. b3 Kd7 40. Nf3
Kc6 41. a4 a6 42. Ne1 a5 43. b4 Kc7 44. bxa5 bxa5 45. Kb3 Bc6 46. Nd3 Be8 47.
Nc5 Bf7 48. Ka3 Kc6 49. Nd3 Be6 50. Nf2 Kb6 51. Nd1 Kc6 52. Nc3 Bg8 53. Nb5 Be6
54. Nd6 Kc7 55. Kb3 Kc6 56. Nb5 Kb6 57. Ka3 Kc6 1/2-1/2

[Event "NB II. Toth Laszlo csoport"]
[Site "Bekes"]
[Date "2024.02.18"]
[Round "4.6"]
[White "Somogyi, Gabor"]
[Black "Farkas, Sandor"]
[Result "1/2-1/2"]
[WhiteElo "1854"]
[BlackElo "1904"]
[PlyCount "122"]
[EventDate "2023.10.08"]
[EventType "team-tourn"]
[EventRounds "9"]
[EventCountry "HUN"]
[Source "chess.hu"]
[WhiteTeam "Bekesi TE"]
[BlackTeam "Meritum Egyesulet"]
[WhiteTeamCountry "HUN"]
[BlackTeamCountry "HUN"]

1. d4 e6 2. Nf3 Nf6 3. c4 b6 4. Nc3 Bb4 5. Bg5 Bb7 6. e3 O-O 7. Be2 d6 8. O-O
Bxc3 9. bxc3 Nbd7 10. Nd2 Qc8 11. Bf3 e5 12. e4 Qe8 13. Qc2 h6 14. Be3 Qe6 15.
d5 Qe7 16. Qd1 Rfd8 17. Bg4 Nf8 18. Qf3 Nxg4 19. Qxg4 Bc8 20. Qg3 Ng6 21. f4
exf4 22. Bxf4 Kh7 23. Rae1 f6 24. Nf3 Ne5 25. Bxe5 dxe5 26. Nh4 g5 27. Nf5 Bxf5
28. Rxf5 Rf8 29. Qf2 Rf7 30. Rf1 Raf8 31. h3 Kg7 32. Kh2 Qa3 33. Qd2 Qc5 34.
Qe2 a5 35. h4 Rh8 36. g3 a4 37. Kg2 Rh7 38. Kh2 b5 39. cxb5 Qxc3 40. Qf3 Qxf3
41. R5xf3 Rh8 42. Rc1 Rb8 43. Rc5 Rb7 44. hxg5 hxg5 45. g4 Rd7 46. Rfc3 Kf8 47.
R3c4 Ra7 48. a3 Ke7 49. Rc6 Rb7 50. R4c5 Kf7 51. Kg3 Kg6 52. Ra6 Rh7 53. Rcc6
Rxb5 54. Rxf6+ Kg7 55. Rg6+ Kf7 56. Rgf6+ Ke7 57. Rfe6+ Kd7 58. Rxa4 Rb3+ 59.
Kg2 Rb2+ 60. Kg3 Rb3+ 61. Kg2 Rb2+ 1/2-1/2

[Event "NB II. Toth Laszlo csoport"]
[Site "Bekes"]
[Date "2024.02.18"]
[Round "4.7"]
[White "Havasi, Mate Pal"]
[Black "Takacs, Lajos"]
[Result "0-1"]
[WhiteElo "1679"]
[BlackElo "1972"]
[PlyCount "52"]
[EventDate "2023.10.08"]
[EventType "team-tourn"]
[EventRounds "9"]
[EventCountry "HUN"]
[Source "chess.hu"]
[WhiteTeam "Meritum Egyesulet"]
[BlackTeam "Bekesi TE"]
[WhiteTeamCountry "HUN"]
[BlackTeamCountry "HUN"]

1. Nf3 g6 2. c4 Bg7 3. g3 e5 4. d3 d6 5. Bg2 Nc6 6. Nc3 h6 7. O-O Be6 8. Rb1
Qd7 9. b4 Nge7 10. b5 Nd8 11. a4 Bh3 12. Ba3 Bxg2 13. Kxg2 f5 14. e4 Ne6 15. a5
O-O 16. Na4 Rf7 17. c5 Raf8 18. exf5 Nxf5 19. b6 axb6 20. cxd6 Nxd6 21. Bxd6
Qxd6 22. Nh4 Kh7 23. Kg1 Ng5 24. f3 Ra8 25. Nb2 Rxa5 26. Ra1 Qd4+ 0-1

[Event "NB II. Toth Laszlo csoport"]
[Site "Bekes"]
[Date "2024.02.18"]
[Round "4.8"]
[White "Nagy, Gabor Dr"]
[Black "Havasi, Huba Laszlo"]
[Result "1-0"]
[WhiteElo "1793"]
[BlackElo "1662"]
[PlyCount "63"]
[EventDate "2023.10.08"]
[EventType "team-tourn"]
[EventRounds "9"]
[EventCountry "HUN"]
[Source "chess.hu"]
[WhiteTeam "Bekesi TE"]
[BlackTeam "Meritum Egyesulet"]
[WhiteTeamCountry "HUN"]
[BlackTeamCountry "HUN"]

1. e4 e6 2. d4 d5 3. Nc3 dxe4 4. Nxe4 Bd7 5. Nf3 Bc6 6. Bd3 Nd7 7. Qe2 Ngf6 8.
Bg5 h6 9. Bh4 Be7 10. O-O-O Nd5 11. Bg3 Nb4 12. Bc4 Nb6 13. Bb3 a5 14. Ne5 Bxe4
15. Qxe4 a4 16. Bxe6 Bg5+ 17. f4 fxe6 18. Qg6+ Ke7 19. fxg5 Qg8 20. Qe4 N6d5
21. Ng6+ Kd7 22. c4 Nxa2+ 23. Kd2 Nb6 24. Qxb7 Nxc4+ 25. Kd3 Nb4+ 26. Qxb4
Nxb2+ 27. Qxb2 Qh7 28. Qb5+ Kd8 29. Bxc7+ Kxc7 30. Rc1+ Kd8 31. Qb6+ Kd7 32.
Qc7+ 1-0

[Event "NB II. Toth Laszlo csoport"]
[Site "Bekes"]
[Date "2024.02.18"]
[Round "4.9"]
[White "Fabian, Istvan"]
[Black "Gosztolya, Ferenc Dr"]
[Result "1-0"]
[WhiteElo "1656"]
[BlackElo "1904"]
[PlyCount "37"]
[EventDate "2023.10.08"]
[EventType "team-tourn"]
[EventRounds "9"]
[EventCountry "HUN"]
[Source "chess.hu"]
[WhiteTeam "Meritum Egyesulet"]
[BlackTeam "Bekesi TE"]
[WhiteTeamCountry "HUN"]
[BlackTeamCountry "HUN"]

1. Nf3 c5 2. b3 d5 3. Bb2 Nc6 4. g3 f6 5. d3 e5 6. Nbd2 Be6 7. Bg2 Qd7 8. O-O
Nge7 9. c3 g5 10. e4 Ng6 11. d4 g4 12. Ne1 cxd4 13. exd5 Bxd5 14. Bxd5 Qxd5 15.
Qxg4 dxc3 16. Bxc3 Nf4 17. Rd1 h5 18. Ne4 Qf7 19. Nxf6+ 1-0

[Event "NB II. Toth Laszlo csoport"]
[Site "Bekes"]
[Date "2024.02.18"]
[Round "4.10"]
[White "Balog, Imre"]
[Black "Farkas, Boldizsar"]
[Result "1/2-1/2"]
[WhiteElo "1781"]
[BlackElo "1684"]
[PlyCount "80"]
[EventDate "2023.10.08"]
[EventType "team-tourn"]
[EventRounds "9"]
[EventCountry "HUN"]
[Source "chess.hu"]
[WhiteTeam "Bekesi TE"]
[BlackTeam "Meritum Egyesulet"]
[WhiteTeamCountry "HUN"]
[BlackTeamCountry "HUN"]

1. d4 b5 2. Nf3 Bb7 3. e3 a6 4. g3 e6 5. Bg2 Nf6 6. O-O c5 7. b3 d5 8. Bb2 Be7
9. Nbd2 c4 10. Ne5 Qc7 11. c3 Nbd7 12. Nxd7 Qxd7 13. a4 bxa4 14. Rxa4 Bc6 15.
Ra1 cxb3 16. Qxb3 O-O 17. Ba3 Rab8 18. Qc2 Bb5 19. Rfb1 Rfc8 20. Bb4 Bxb4 21.
Rxb4 Qd6 22. Qb2 Nd7 23. Nb3 Qc7 24. c4 Bxc4 25. Na5 Bd3 26. h4 Nb6 27. Bf1
Bxf1 28. Kxf1 Nd7 29. Kg2 Rxb4 30. Qxb4 Rb8 31. Qa3 g6 32. Rc1 Qb6 33. Rc6 Qb4
34. Qxb4 Rxb4 35. Rxa6 Ra4 36. Ra7 Nb6 37. Rb7 Rxa5 38. Rxb6 Ra2 39. Kf3 Kg7
40. g4 Ra1 1/2-1/2

[Event "NB II. Toth Laszlo csoport"]
[Site "Bekes"]
[Date "2024.02.18"]
[Round "4.11"]
[White "Vad, Roland Tibor"]
[Black "Kovacs, Gergo Patrik"]
[Result "1-0"]
[WhiteElo "1494"]
[BlackElo "1511"]
[PlyCount "61"]
[EventDate "2023.10.08"]
[EventType "team-tourn"]
[EventRounds "9"]
[EventCountry "HUN"]
[Source "chess.hu"]
[WhiteTeam "Meritum Egyesulet"]
[BlackTeam "Bekesi TE"]
[WhiteTeamCountry "HUN"]
[BlackTeamCountry "HUN"]

1. b3 c5 2. Bb2 Nc6 3. e3 d5 4. Bb5 Bd7 5. f4 a6 6. Bxc6 Bxc6 7. Nf3 e6 8. O-O
Nf6 9. Nc3 Be7 10. Ne5 d4 11. exd4 cxd4 12. Ne2 Bc5 13. Kh1 Qd5 14. Nxc6 bxc6
15. Ng3 O-O 16. f5 Rfe8 17. c4 dxc3 18. Bxc3 Bd4 19. Qc2 Ng4 20. h3 Bxc3 21.
Qxc3 Nf6 22. Rac1 Qd6 23. fxe6 fxe6 24. Rxf6 gxf6 25. Ne4 Qf4 26. Nxf6+ Kf7 27.
Nxe8 Rxe8 28. Qxc6 Qxd2 29. Rf1+ Ke7 30. Qc7+ Qd7 31. Rf7+ 1-0

[Event "NB II. Toth Laszlo csoport"]
[Site "Mako"]
[Date "2024.02.18"]
[Round "4.1"]
[White "Solymosi, Andras"]
[Black "Farkas, Tibor"]
[Result "1/2-1/2"]
[WhiteElo "2145"]
[BlackElo "2204"]
[PlyCount "37"]
[EventDate "2023.10.08"]
[EventType "team-tourn"]
[EventRounds "9"]
[EventCountry "HUN"]
[Source "chess.hu"]
[WhiteTeam "Felegyhaza-Csongrad"]
[BlackTeam "Duocor-Makoi SVSE II"]
[WhiteTeamCountry "HUN"]
[BlackTeamCountry "HUN"]

1. Nf3 Nf6 2. g3 g6 3. Bg2 Bg7 4. O-O O-O 5. d4 d5 6. c4 c6 7. cxd5 cxd5 8. Nc3
Nc6 9. Ne5 e6 10. Nxc6 bxc6 11. Na4 Nd7 12. Bf4 Ba6 13. Re1 f5 14. Rc1 Rc8 15.
Qd2 Re8 16. Bg5 Qc7 17. Bf4 Qd8 18. Bg5 Qc7 19. Bf4 1/2-1/2

[Event "NB II. Toth Laszlo csoport"]
[Site "Mako"]
[Date "2024.02.18"]
[Round "4.2"]
[White "Kecskemeti, Arpad"]
[Black "Pacal, Mihaly"]
[Result "1/2-1/2"]
[WhiteElo "2216"]
[BlackElo "2112"]
[PlyCount "54"]
[EventDate "2023.10.08"]
[EventType "team-tourn"]
[EventRounds "9"]
[EventCountry "HUN"]
[Source "chess.hu"]
[WhiteTeam "Duocor-Makoi SVSE II"]
[BlackTeam "Felegyhaza-Csongrad"]
[WhiteTeamCountry "HUN"]
[BlackTeamCountry "HUN"]

1. e4 c5 2. Nf3 Nc6 3. d4 cxd4 4. Nxd4 e5 5. Nb5 a6 6. Nd6+ Bxd6 7. Qxd6 Qf6 8.
Qd1 Qg6 9. Nc3 d5 10. Nxd5 Qxe4+ 11. Ne3 Nf6 12. Bd3 Qb4+ 13. c3 Qe7 14. Nc4
O-O 15. Bg5 Be6 16. Qe2 Rad8 17. O-O-O e4 18. Bxf6 Qxf6 19. Bxe4 Qg5+ 20. Kb1
Qb5 21. Bxc6 Qxc6 22. Ne3 h6 23. Rxd8 Rxd8 24. Rd1 Qe4+ 25. Ka1 Rxd1+ 26. Qxd1
Qf4 27. Qg1 Qa4 1/2-1/2

[Event "NB II. Toth Laszlo csoport"]
[Site "Mako"]
[Date "2024.02.18"]
[Round "4.3"]
[White "Vilagos, Nandor"]
[Black "Restas, Peter"]
[Result "0-1"]
[WhiteElo "2034"]
[BlackElo "2028"]
[PlyCount "78"]
[EventDate "2023.10.08"]
[EventType "team-tourn"]
[EventRounds "9"]
[EventCountry "HUN"]
[Source "chess.hu"]
[WhiteTeam "Felegyhaza-Csongrad"]
[BlackTeam "Duocor-Makoi SVSE II"]
[WhiteTeamCountry "HUN"]
[BlackTeamCountry "HUN"]

1. e4 c5 2. Nc3 a6 3. a4 Nc6 4. g3 g6 5. Bg2 Bg7 6. d3 Rb8 7. f4 d6 8. Nf3 Bg4
9. h3 Bxf3 10. Qxf3 e6 11. O-O Nge7 12. Be3 O-O 13. Kh2 b6 14. Rab1 Nb4 15. Qe2
d5 16. exd5 exd5 17. Bf2 Nf5 18. Rfe1 Qd7 19. Qd2 d4 20. Ne4 Nd5 21. b3 Nfe3
22. Bxe3 dxe3 23. Qe2 f5 24. c4 Nxf4 25. gxf4 fxe4 26. Bxe4 Rxf4 27. Qxe3 Rbf8
28. Bg2 Kh8 29. Rf1 Qd6 30. Rxf4 Rxf4 31. Kh1 Bd4 32. Qe8+ Kg7 33. Re1 Rf7 34.
Bd5 Rf2 35. Qe7+ Qxe7 36. Rxe7+ Kh6 37. Re6 Kg5 38. Re7 Kh4 39. Rxh7+ Kg3 0-1

[Event "NB II. Toth Laszlo csoport"]
[Site "Mako"]
[Date "2024.02.18"]
[Round "4.4"]
[White "Csikos, Mihaly"]
[Black "Varadi, Laszlo"]
[Result "1/2-1/2"]
[WhiteElo "2039"]
[BlackElo "1986"]
[PlyCount "22"]
[EventDate "2023.10.08"]
[EventType "team-tourn"]
[EventRounds "9"]
[EventCountry "HUN"]
[Source "chess.hu"]
[WhiteTeam "Duocor-Makoi SVSE II"]
[BlackTeam "Felegyhaza-Csongrad"]
[WhiteTeamCountry "HUN"]
[BlackTeamCountry "HUN"]

1. e4 d5 2. exd5 Nf6 3. d4 Nxd5 4. Nf3 Bg4 5. c3 Nc6 6. Be2 e6 7. O-O Bd6 8.
Nbd2 a6 9. Ne4 Nf4 10. Nxd6+ Qxd6 11. Bxf4 Qxf4 1/2-1/2

[Event "NB II. Toth Laszlo csoport"]
[Site "Mako"]
[Date "2024.02.18"]
[Round "4.5"]
[White "Kemeny, Csaba"]
[Black "Diamant, Tibor"]
[Result "1/2-1/2"]
[WhiteElo "2058"]
[BlackElo "1923"]
[PlyCount "114"]
[EventDate "2023.10.08"]
[EventType "team-tourn"]
[EventRounds "9"]
[EventCountry "HUN"]
[Source "chess.hu"]
[WhiteTeam "Felegyhaza-Csongrad"]
[BlackTeam "Duocor-Makoi SVSE II"]
[WhiteTeamCountry "HUN"]
[BlackTeamCountry "HUN"]

1. d4 Nf6 2. f4 d5 3. Nf3 Bf5 4. e3 e6 5. Bd3 Bxd3 6. Qxd3 Nbd7 7. Nbd2 c5 8.
O-O Bd6 9. Ne5 Qe7 10. c3 a6 11. e4 dxe4 12. Nxe4 cxd4 13. Nxd7 Nxd7 14. Nxd6+
Qxd6 15. Be3 O-O 16. Bxd4 Qe7 17. Rad1 Rfd8 18. Qg3 Qf8 19. f5 e5 20. Bxe5 Nxe5
21. Qxe5 f6 22. Qe6+ Qf7 23. Qxf7+ Kxf7 24. Kf2 Rac8 25. Rfe1 Rxd1 26. Rxd1 Ke7
27. Ke3 Rc5 28. Kf4 g6 29. fxg6 hxg6 30. g4 g5+ 31. Kf3 b5 32. Rd4 a5 33. Ke4
a4 34. a3 Re5+ 35. Kd3 Kf7 36. c4 Rc5 37. cxb5 Rxb5 38. Rb4 Ra5 39. Kc4 Ke6 40.
Rb5 Ra8 41. Kb4 Rh8 42. Kxa4 Rxh2 43. Rb4 Rf2 44. Kb3 f5 45. gxf5+ Kxf5 46. Rb8
Rf3+ 47. Kb4 g4 48. Rf8+ Ke4 49. Rg8 g3 50. b3 Ke3 51. a4 Kf2 52. a5 g2 53.
Rxg2+ Kxg2 54. a6 Rf4+ 55. Kb5 Rf5+ 56. Ka4 Rf6 57. Ka5 Rf5+ 1/2-1/2

[Event "NB II. Toth Laszlo csoport"]
[Site "Mako"]
[Date "2024.02.18"]
[Round "4.6"]
[White "Kovacs, Arthur Dr"]
[Black "Nagy, Jozsef"]
[Result "1/2-1/2"]
[WhiteElo "1909"]
[BlackElo "1842"]
[PlyCount "135"]
[EventDate "2023.10.08"]
[EventType "team-tourn"]
[EventRounds "9"]
[EventCountry "HUN"]
[Source "chess.hu"]
[WhiteTeam "Duocor-Makoi SVSE II"]
[BlackTeam "Felegyhaza-Csongrad"]
[WhiteTeamCountry "HUN"]
[BlackTeamCountry "HUN"]

1. d4 Nf6 2. Nf3 e6 3. c4 d5 4. Nc3 Be7 5. cxd5 exd5 6. Bg5 O-O 7. Qc2 c6 8. e3
Nh5 9. Bxe7 Qxe7 10. Bd3 g6 11. O-O f5 12. Ne5 Nd7 13. Nxd7 Bxd7 14. Rae1 Nf6
15. f3 Qd6 16. f4 Rae8 17. Re2 Re7 18. Rfe1 Rfe8 19. Nd1 Rc8 20. Qc5 Qxc5 21.
dxc5 Rce8 22. h3 Kf7 23. Kf2 Be6 24. b3 Rd8 25. Nb2 Ne4+ 26. Bxe4 dxe4 27. Rc1
Red7 28. Rec2 Kf6 29. Ke1 g5 30. fxg5+ Kxg5 31. Kf2 h5 32. Re2 h4 33. Nc4 Bxc4
34. Rxc4 Rd1 35. Rcc2 R8d3 36. Rb2 a5 37. Rbc2 Rb1 38. Red2 Rxd2+ 39. Rxd2 Rc1
40. Rd7 Rc2+ 41. Kf1 Rxa2 42. Rg7+ Kf6 43. Rxb7 Rc2 44. b4 axb4 45. Rxb4 Rxc5
46. Rb8 Kg7 47. Rb7+ Kh6 48. Rb8 Rd5 49. Rh8+ Kg5 50. Rg8+ Kf6 51. Rh8 c5 52.
Rxh4 Rd3 53. Ke2 c4 54. Rh6+ Ke5 55. Rc6 Kd5 56. Rc8 Ra3 57. g4 fxg4 58. hxg4
Ra2+ 59. Kf1 Rh2 60. g5 Rh7 61. Rg8 Rc7 62. Ke1 c3 63. Kd1 c2+ 64. Kc1 Rc3 65.
g6 Ke6 66. Re8+ Kf6 67. Rxe4 Kxg6 68. Rf4 1/2-1/2

[Event "NB II. Toth Laszlo csoport"]
[Site "Mako"]
[Date "2024.02.18"]
[Round "4.7"]
[White "Karsai, Istvan"]
[Black "Balassy, Gabor"]
[Result "1/2-1/2"]
[WhiteElo "1974"]
[BlackElo "1864"]
[PlyCount "132"]
[EventDate "2023.10.08"]
[EventType "team-tourn"]
[EventRounds "9"]
[EventCountry "HUN"]
[Source "chess.hu"]
[WhiteTeam "Felegyhaza-Csongrad"]
[BlackTeam "Duocor-Makoi SVSE II"]
[WhiteTeamCountry "HUN"]
[BlackTeamCountry "HUN"]

1. e4 c6 2. Nc3 d5 3. Nf3 dxe4 4. Nxe4 Nf6 5. Ng3 g6 6. d4 Bg7 7. Be2 Nbd7 8.
O-O O-O 9. h3 Qc7 10. c3 e5 11. dxe5 Nxe5 12. Nxe5 Qxe5 13. Be3 Be6 14. Qd4 Nd5
15. Qxe5 Bxe5 16. Bh6 Rfe8 17. Ne4 Bf5 18. Bf3 Bf4 19. Nf6+ Nxf6 20. Bxf4 Be4
21. Bg5 Nd5 22. Bxe4 Rxe4 23. Rfe1 Rae8 24. Kf1 Kg7 25. Rxe4 Rxe4 26. Re1 Ra4
27. a3 f6 28. Bc1 Kf7 29. b3 Ra6 30. c4 Ne7 31. Ke2 c5 32. Kd3 Nf5 33. b4 cxb4
34. axb4 Ra2 35. Re2 Ra1 36. Bb2 Rg1 37. g3 Rh1 38. h4 h5 39. c5 Rd1+ 40. Kc4
a6 41. b5 axb5+ 42. Kxb5 Ne7 43. Kb6 Rd7 44. Rc2 Nd5+ 45. Kb5 Ke8 46. Re2+ Kd8
47. c6 bxc6+ 48. Kxc6 Ne7+ 49. Kc5 Rd5+ 50. Kc4 Rf5 51. Bd4 Kd7 52. f4 Nc6 53.
Bc5 Na5+ 54. Kb4 Nc6+ 55. Kc4 g5 56. hxg5 fxg5 57. fxg5 Rxg5 58. Bf2 Ne5+ 59.
Kc3 Ng4 60. Be1 Kd6 61. Bd2 Rd5 62. Bf4+ Kc5 63. Re8 Nf6 64. Re5 Rxe5 65. Bxe5
Ne4+ 66. Kd3 Nxg3 1/2-1/2

[Event "NB II. Toth Laszlo csoport"]
[Site "Mako"]
[Date "2024.02.18"]
[Round "4.8"]
[White "Nagy Dani, Karoly"]
[Black "Kelemen, Sandor"]
[Result "0-1"]
[WhiteElo "1797"]
[BlackElo "1894"]
[PlyCount "120"]
[EventDate "2023.10.08"]
[EventType "team-tourn"]
[EventRounds "9"]
[EventCountry "HUN"]
[Source "chess.hu"]
[WhiteTeam "Duocor-Makoi SVSE II"]
[BlackTeam "Felegyhaza-Csongrad"]
[WhiteTeamCountry "HUN"]
[BlackTeamCountry "HUN"]

1. d4 Nf6 2. Nc3 d5 3. Bf4 c6 4. e3 Bf5 5. f3 e6 6. g4 Bg6 7. h4 h6 8. Bd3 Bxd3
9. Qxd3 Bd6 10. Nge2 Bxf4 11. Nxf4 Nbd7 12. O-O-O e5 13. dxe5 Nxe5 14. Qe2 Qc7
15. g5 Nfd7 16. e4 d4 17. Rxd4 hxg5 18. Ng2 Ng6 19. Rhd1 gxh4 20. e5 O-O-O 21.
f4 h3 22. Ne3 Nb6 23. Ng4 Nd5 24. Nxd5 Rxd5 25. Qh2 Qd7 26. Rxd5 cxd5 27. Ne3
Ne7 28. Nc4 Qg4 29. Nd6+ Kc7 30. Nxf7 Rh4 31. Ng5 Qg2 32. Rh1 Ng6 33. Nxh3 Qxh2
34. Rxh2 Nxf4 35. Rf2 Nxh3 36. Rf7+ Kc6 37. Rxg7 Re4 38. Rg6+ Kb5 39. Rh6 Ng5
40. b3 Rxe5 41. Kb2 a5 42. a4+ Kc5 43. Rg6 Ne6 44. c3 Re2+ 45. Ka3 Re3 46. Kb2
d4 47. b4+ axb4 48. cxd4+ Kxd4 49. Rg8 Nc5 50. Rg4+ Re4 51. Rg2 b3 52. Ka3 Kd3
53. Rg3+ Ke2 54. Rg5 Rxa4+ 55. Kb2 Ra2+ 56. Kb1 Rc2 57. Rg3 Nd3 58. Rg2+ Kd1
59. Rg1+ Kd2 60. Rh1 Rc1+ 0-1

[Event "NB II. Toth Laszlo csoport"]
[Site "Mako"]
[Date "2024.02.18"]
[Round "4.9"]
[White "Hideg, Ferenc Bendeguz"]
[Black "Gyori, Gabor"]
[Result "1/2-1/2"]
[WhiteElo "1789"]
[BlackElo "1850"]
[PlyCount "37"]
[EventDate "2023.10.08"]
[EventType "team-tourn"]
[EventRounds "9"]
[EventCountry "HUN"]
[Source "chess.hu"]
[WhiteTeam "Felegyhaza-Csongrad"]
[BlackTeam "Duocor-Makoi SVSE II"]
[WhiteTeamCountry "HUN"]
[BlackTeamCountry "HUN"]

1. d4 d5 2. c4 e6 3. Nf3 Nf6 4. Nc3 Be7 5. Bg5 O-O 6. e3 b6 7. cxd5 Nxd5 8.
Bxe7 Qxe7 9. Nxd5 exd5 10. Bd3 Bg4 11. O-O Qf6 12. h3 Bh5 13. Rc1 Rc8 14. b4 c6
15. Qc2 Bxf3 16. gxf3 g6 17. f4 Nd7 18. Be2 Qd6 19. Qb2 1/2-1/2

[Event "NB II. Toth Laszlo csoport"]
[Site "Mako"]
[Date "2024.02.18"]
[Round "4.12"]
[White "Kralik, Attila"]
[Black "Huszar, Adam Janos"]
[Result "1-0"]
[WhiteElo "1598"]
[BlackElo "1533"]
[PlyCount "91"]
[EventDate "2023.10.08"]
[EventType "team-tourn"]
[EventRounds "9"]
[EventCountry "HUN"]
[Source "chess.hu"]
[WhiteTeam "Duocor-Makoi SVSE II"]
[BlackTeam "Felegyhaza-Csongrad"]
[WhiteTeamCountry "HUN"]
[BlackTeamCountry "HUN"]

1. Nf3 d5 2. g3 Nf6 3. Bg2 e6 4. d3 c5 5. O-O Nc6 6. Nbd2 Bd6 7. c4 O-O 8. a3
Re8 9. Qc2 h6 10. b3 b6 11. Bb2 d4 12. e4 dxe3 13. fxe3 e5 14. Nxe5 Nxe5 15.
Bxa8 Neg4 16. Bxf6 Nxf6 17. Ne4 Ng4 18. Bd5 Nxe3 19. Bxf7+ Kh8 20. Qe2 Nxf1 21.
Bxe8 Qxe8 22. Rxf1 Be5 23. Nf2 Bb7 24. Re1 Qc6 25. Ne4 Bd4+ 26. Kg2 Qe6 27. Qf3
Qg6 28. Rf1 h5 29. Qf8+ Kh7 30. Qf5 Qxf5 31. Rxf5 Kh6 32. Rf7 Bc6 33. Rxa7 Be5
34. Re7 Bf6 35. Re6 Bd7 36. Rxb6 Kg6 37. Kf3 Kf5 38. Nxf6 gxf6 39. a4 Kg5 40.
a5 f5 41. a6 f4 42. gxf4+ Kh4 43. a7 Kh3 44. Rh6 Bc6+ 45. Rxc6 h4 46. a8=Q 1-0

[Event "NB II. Toth Laszlo csoport"]
[Site "Kecskemet"]
[Date "2024.02.18"]
[Round "4.1"]
[White "Fabian Nagy, Sandor"]
[Black "Csvila, Gabor"]
[Result "0-1"]
[WhiteElo "1940"]
[BlackElo "2137"]
[PlyCount "110"]
[EventDate "2023.10.08"]
[EventType "team-tourn"]
[EventRounds "9"]
[EventCountry "HUN"]
[Source "chess.hu"]
[WhiteTeam "Bekesszentandras-KuTE"]
[BlackTeam "Neumann J. Egyetem"]
[WhiteTeamCountry "HUN"]
[BlackTeamCountry "HUN"]

1. e4 c5 2. Nf3 d6 3. d4 cxd4 4. Nxd4 Nf6 5. Nc3 g6 6. Be2 Bg7 7. Be3 O-O 8. f3
Nc6 9. Qd2 d5 10. O-O-O Nxd4 11. Bxd4 dxe4 12. fxe4 Be6 13. Qe3 Qa5 14. a3 Rfb8
15. h3 b5 16. Bc5 b4 17. Bxb4 Rxb4 18. axb4 Qxb4 19. Rd4 Qb6 20. Rhd1 Nd7 21.
e5 Bxe5 22. Qe4 Rb8 23. Na4 Qa5 24. Rxd7 Bf5 25. Rd8+ Kg7 26. Qd5 Bf4+ 27. Kb1
Qc7 28. Rxb8 Qxc2+ 29. Ka1 Qxa4+ 30. Qa2 Qxa2+ 31. Kxa2 Bxb8 32. Bf3 Bd6 33.
Rd4 Bc5 34. Rd8 Be6+ 35. b3 Bb6 36. Rb8 f5 37. Kb2 Kf6 38. Kc3 Bf7 39. b4 e5
40. Rb7 e4 41. Be2 h5 42. Rd7 Be6 43. Rd1 h4 44. Bc4 Bxc4 45. Kxc4 Ke5 46. Rf1
g5 47. Kc3 f4 48. Kd2 Kf5 49. Ke2 g4 50. hxg4+ Kxg4 51. Rh1 f3+ 52. Kf1 Bc7 53.
b5 Bg3 54. gxf3+ Kxf3 55. Rh3 e3 0-1